| 000 | 01195nam a22003137a 4500 | ||
|---|---|---|---|
| 003 | CHAP | ||
| 005 | 20220329143520.0 | ||
| 008 | 100322s2008 mx r 00010 spa d | ||
| 010 | _a97830 | ||
| 011 | _a98802 | ||
| 035 | _a109487 | ||
| 040 | _cCHAP | ||
| 090 | _aFolleto 17594 | ||
| 245 | 0 | 0 |
_aProyección del Zoomat, como atractivo turístico del Estado mediante tecnología de información aplicables a plataformas WEB _c/editado por Jusús Carlos Sánchez Guzmán |
| 260 |
_aTuxtla Gutiérrez, Chis : _bUniversidad Autónoma de Chiapas, Dirección General de Extensión Universitaria, _c2008 |
||
| 300 | _a15 p. | ||
| 590 |
_aBATCH-UPD _b10 _c20130110 _lUCH01 _h1107 |
||
| 590 |
_aBATCH-UPD _b10 _c20130410 _lUCH01 _h0658 |
||
| 590 |
_aBATCH-UPD _b10 _c20130914 _lUCH01 _h1652 |
||
| 590 |
_aCONVERSION _b10 _c20130109 _lUCH01 _h1354 |
||
| 650 | 1 | 4 |
_aInventarios. _960169 |
| 650 | 1 | 4 |
_aPágina Web _xDiseño. _989348 |
| 650 | 1 | 4 |
_aParques zoológicos _zChiapas. _985719 |
| 650 | 1 | 4 |
_aSistema de información. _9106707 |
| 700 | 1 |
_aSánchez Guzmán, Jesús Carlos _e, ed. _9107584 |
|
| 901 | _aBK | ||
| 942 | _cFOLL | ||
| 949 |
_aFolleto 17594 _bBC _cFOLL _d33724002129157 _eTS1 _gDonaciØn _i109487 _sb |
||
| 999 |
_c97830 _d97830 |
||